000 00881 a2200253 4500
003 CBULib
005 20240125100616.0
008 240125b |||||||| |||| 00| 0 eng d
040 _bEnglish
_cCBULib
_erda
041 _aeng
050 _aCBU-PG THESIS/TEM
100 _aTembo, Masauso
_92056
245 _aAdoption of intention of liquefied petroleum gas stove in the copperbelt province in Zambia. A theory of planned behaviour approach
_c/ by Masauso Tembo
260 _bCopperbelt University,
_c2023
_aKitwe :
300 _a107 pages : illustrations
336 _2rdacontent
_aText |
_btxt
337 _2rdamedia
_aUnmediated |
_bn
338 _2rdacarrier
_aVolume
_bnc
500 _aincludes bibliographical references
650 0 _92059
_aLIQUIFIED PETROLEUM GAS STOVE
650 0 _92058
_aPLANNED BEHAVIOUR APPROACH
650 0 _91964
_aCOPPERBELT
942 _2lcc
_c030
999 _c84161
_d84161